Popularne marki butów - Statystyki

Ogólne statystyki
  • Ten quiz został rozwiązany 530 razy
  • Średni wynik to 5 z 8
Statystyki odpowiedzi
Odpowiedź % Poprawnych
Adidas
99%
Nike
99%
Puma
82%
New Balance
59%
Reebok
46%
Vans
39%
Converse
35%
Fila
25%
Nie znaleziono quizów pasujących do podanych kryteriów
Rozkład punktacji
Procent ludzi z każdym wynikiem
Percentyl według liczby udzielonych odpowiedzi
Twoja historia wyników
Nie rozwiązałeś tego quizu